000
00312nam a22001337a 4500
008
170925b xxu||||| |||| 00| 0 eng d
020
_a
9780312247669
041
_a
eng
080
_2
3RD
_a
37
100
_a
46
101
_a
EDU
245
_a
A POCKET GUIDE TO WRITING IN HISTORY
_c
RAMPOLLA,M.L
942
_2
udc
_c
BK
999
_c
29619
_d
29619